000
00326 a2200133 4500
000
nam a22 7a 4500
100
_a
Lopez, P P
110
_a
Lopez, P P
245
_a
Economics of Development: Theory and Evidence
250
_a
latest edition
260
_b
Bloomsbury
_c
2022
264
_b
Bloomsbury
_c
2022
942
_c
BK
999
_c
309864
_d
309864